| 000 | 00647 a2200193 4500 | ||
|---|---|---|---|
| 999 |
_c5717 _d5717 |
||
| 010 | _aENG-86973 | ||
| 020 |
_a8183820999 _c450.00 |
||
| 035 | _aEN-70506 | ||
| 037 | _bDBAD / PUB | ||
| 082 | _a954.01 | ||
| 100 | _aMacdonell, A. A. | ||
| 245 | 1 |
_aIntellect India : _cby A. A. Macdonell _bclassics revived for an ultramodern world / |
|
| 260 |
_aNew Delhi _bLotus Press _c2007 |
||
| 270 |
_a4263/3, Ansari Road, Daryaganj _e110 002 _bNew Delhi |
||
| 300 |
_a207 p _c21 cm (Hb) |
||
| 490 | _aIndia Bookvarsity Lotus choices edited by Mahendra Kulasrestha | ||
| 700 | 1 | _aKulshrestha, Mahendra | |
| 942 |
_adpl _cEN _2ddc _h954.01 _mMAC |
||